| 000 | 01316cam a22003617a 4500 | ||
|---|---|---|---|
| 001 | 000051458 | ||
| 003 | CHAP | ||
| 005 | 20220329140325.0 | ||
| 008 | 971013s r 00010 d | ||
| 010 | _a50395 | ||
| 011 | _a51367 | ||
| 035 | _a55517 | ||
| 040 | _cCHAP | ||
| 090 | _aFolleto 782 | ||
| 100 | 0 | 0 |
_aVillaseñor Angeles, Roberto. _9119688 |
| 245 | 1 | 3 | _aLa ciencia y la técnica ante el problema forestal nacional. |
| 260 |
_a(s.l. : _bs.e.), _c(s.a.). |
||
| 300 | _a58 h. | ||
| 490 | 1 | _aReunión Nacional de Ciencia y Tecnología para el Desarrollo Económico y Social de México. Documentos, CT-CB-F-5/67 | |
| 590 |
_aBATCH-UPD _b10 _c20130110 _lUCH01 _h1024 |
||
| 590 |
_aBATCH-UPD _b10 _c20130410 _lUCH01 _h0628 |
||
| 590 |
_aBATCH-UPD _b10 _c20130914 _lUCH01 _h0715 |
||
| 590 |
_aBATCH-UPD _b10 _c20130914 _lUCH01 _h2151 |
||
| 590 |
_aCONVERSION _b10 _c20130109 _lUCH01 _h1327 |
||
| 590 |
_aE5995AHE _b05 _c20141117 _lUCH01 _h0901 |
||
| 650 | 1 | 4 |
_aBosques _xAspectos económicos _xMéxico. _914076 |
| 650 | 1 | 4 |
_aRecursos forestales _zMéxico. _995075 |
| 830 | 0 |
_aReunión Nacional de Ciencia y Tecnología para el Desarrollo Económico y Social de México. Documentos, CT-CB-F-5/67 _996446 |
|
| 901 | _aBK | ||
| 942 | _cFOLL | ||
| 942 | _n0 | ||
| 949 |
_aFolleto 782 _bBC _cFOLL _d-121742 _eTS1 _i55517 _si |
||
| 999 |
_c50395 _d50395 |
||